Auditoría ciudadana sobre la calidad de la democracia. Cap. 8 /
El capítulo evalúa la calidad democrática de los gobiernos locales en Costa Rica, entendiendo el grado en que, en el uso de las competencias constitucionales y legalmente establecidas, las autoridades municipales son designadas mediante elecciones libres, directas, competidas y limpias, su gestión e...
Gespeichert in:
| 1. Verfasser: | |
|---|---|
| Körperschaft: | |
| Weitere Verfasser: | |
| Format: | Text |
| Veröffentlicht: |
San José:
Editorama
|
| Schlagworte: | |
| Tags: |
Tag hinzufügen
Keine Tags, Fügen Sie den ersten Tag hinzu!
|
MARC
| LEADER | 00000 a a2200000 04500 | ||
|---|---|---|---|
| 001 | 22054 | ||
| 003 | |||
| 040 | |||
| 090 | |a 146008 | ||
| 100 | |a Vargas Cullell, Jorge Luis | ||
| 110 | |a Proyecto Estado de la Nación (Costa Rica) | ||
| 245 | |a Auditoría ciudadana sobre la calidad de la democracia. Cap. 8 / |c Jorge Luis Vargas Cullell | ||
| 260 | |a San José: |b Editorama | ||
| 300 | |a 493 p; vol. 2 |b **no definido** |b fonodiscos | ||
| 520 | |a El capítulo evalúa la calidad democrática de los gobiernos locales en Costa Rica, entendiendo el grado en que, en el uso de las competencias constitucionales y legalmente establecidas, las autoridades municipales son designadas mediante elecciones libres, directas, competidas y limpias, su gestión está abierta al escrutinio público y la participación de las personas en los asuntos públicos de interés local. Se emplea la noción de gobierno local en un sentido estricto para referirse a las instituciones y autoridades electas exclusivamente por los ciudadanos pertenecientes a una circunscripción territorial determinada, de carácter subnacional, para hacerse cargo de la gestión de asuntos públicos que han sido constitucional o legalmente delegados en esas autoridades que para nuestro país son las municipalidades. REV/LCL | ||
| 650 | |a DEMOCRACIA | ||
| 650 | |a GOBIERNO LOCAL | ||
| 650 | |a MUNICIPALIDAD | ||
| 650 | |a GOBIERNO MUNICIPAL | ||
| 650 | |a PODER DE LA COMUNIDAD | ||
| 650 | |a PARTICIPACION SOCIAL | ||
| 650 | |a MUNICIPALIDAD | ||
| 650 | |a DEFENSOR DEL PUEBLO | ||
| 650 | |a PARTICIPACION SOCIAL | ||
| 700 | |a dir. |a Villarreal, Evelyn |a dir |a Gutiérrez Saxe, Miguel |a dir. | ||
| 999 | |c 12854 |d 12854 | ||
